000 00689nam a2200253Ia 4500
003 OSt
005 20220926013836.0
006 a|||||r|||| 00| 0
007 ta
008 220923b |||||||| |||| 00| 0 eng d
020 _a0471400939
037 _cGeneral Book
040 _aRTL
_cRTL
_beng
041 _2eng
_aeng
082 _aU47, P2
100 _aKuby Michael and others
_9319152
245 0 _aHuman geography in action
250 _a2nd
260 _aNew York
_bJohn Wiley U S A
_c2002
300 _axxv,438p. Bib chapterwise
_ccm.
650 _aHuman Geography
_91464
942 _hU47, P2
_cGB
_2CC
999 _c627017
_d627017